00552nam a2200181Ia 4500008004100000020001800041082000800059100002600067245007800093250000600171260002900177300001600206500002400222650001000246942000700256952009000263999001700353230524s9999 xx 000 0 und d a9788131713297 bCHO aAnil K. Chopra942889 0aDynamics of Structures: Theory and Applications to Earthquake Engineering a1 aNew DelhibPearsonc2015 a"XIX,865p;" aQuantity Number: 1 aCivil cBK 00104070aTATCLbTATCLcGENd2023-05-24l0o CHOp54151r2023-05-24w2023-05-24yBK c57859d57859